000 00413nam a2200157Ia 4500
008 221030s9999 xx 000 0 und d
020 _a9350142288
041 _aEnglish
100 _aS. H. Saeed
245 0 _aNon - Conventional Energy Resources
_cby S. H. Saeed, D. K. Sharma
260 _bS. K. Kataria & Sons
_aNew Delhi
_c2014
300 _a314
650 _aBB EE
700 _aD. K. Sharma
942 _cBK
999 _c15139
_d15139